000
00295nam a22001337a 4500
008
181023b xxu||||| |||| 00| 0 eng d
020
_a
1285770854
041
_a
eng
080
_a
371
100
_a
46
101
_a
EDU
245
_a
The Essentials of Writing
_c
Yagelski, R.P
942
_2
udc
_c
BK
999
_c
50628
_d
50628